Practising balance : integrating best financial practice into your business /

Saved in:
Bibliographic Details
Corporate Author: Australian Manufacturing Council
Format: Book
Language:English
Published: [Canberra] : Australian Manufacturing Council, c1996.
Subjects:
LEADER 00953cam a2200241 a 4500
001 c000293787
003 CARM
005 20090909100055.0
008 961022s1996 acaa 000 0 eng d
019 1 |a 12767296  |5 LACONCORD2021 
035 |a (OCoLC)221962827  |5 LACONCORD2021 
040 |a AINC  |b eng  |c AINC  |d AINC 
042 |a anuc 
110 2 |a Australian Manufacturing Council. 
245 1 0 |a Practising balance :  |b integrating best financial practice into your business /  |c [Australian Manufacturing Council]. 
260 |a [Canberra] :  |b Australian Manufacturing Council,  |c c1996. 
300 |a 104 p. ;  |c 25 cm. 
500 |a Cover title. 
650 0 |a Small business  |x Finance. 
650 0 |a Small business  |x Management. 
852 8 |b CARM  |h A3:AE28G0  |i C12285  |p 0533980  |f BK 
999 f f |i 504f28a2-b922-5b5c-89fb-b43e0ec508d1  |s 9069c525-65af-5fd7-9d58-5d8b76ca6a5f 
952 f f |p Can circulate  |a CAVAL  |b CAVAL  |c CAVAL  |d CARM 1 Store  |e C12285  |f A3:AE28G0  |h Other scheme  |i book  |m 0533980